000 00903nam a2200253Ia 4500
003 OSt
005 20220923224735.0
006 a|||||r|||| 00| 0
007 ta
008 220922b |||||||| |||| 00| 0 hin d
024 _a249,371
037 _cTextual
040 _aARTS
_cARTS
_bhin
041 _2hin
_ahin
082 _aO152,1:g(S:55), J3;K2
100 _aकुलश्रेष्ठ, कमल
245 0 _aहिन्दी प्रेमाख्यानक काव्य
246 _aHindī premākhyānak kāvya
260 _aइलाहाबाद
_b साहित्य भवन प्राइवेट लिमिटेड
_c1953
300 _a426पृ.
_ccm.
650 _aहिन्दी साहित्य
_9156264
942 _hO152,1:g(S:55), J3;K2
_cTEXL
_2CC
999 _c373312
_d373312